| 000 | 03426nam a22004097a 4500 | ||
|---|---|---|---|
| 005 | 20100804122956.0 | ||
| 010 | _aENG-98224 B-428106-118 | ||
| 020 |
_a9788171325887 _c650.00 |
||
| 035 | _aEN-81757 B-428106-118 | ||
| 037 | _bDBAD/PUB | ||
| 037 | _bAllied Pub/Ven | ||
| 082 | _a612.39 | ||
| 100 |
_aKulshrestha, Smita _931612 |
||
| 245 |
_aHandbookof food & nutrition/ _cby Smita Kuslshrestha |
||
| 260 |
_aJaipur _bPointer Publishers _c2009 |
||
| 270 |
_a807, Vyas Building, Chaura Rasta _bJaipur _e302003 |
||
| 300 |
_a192 p. _b22cm (Hb) |
||
| 650 |
_aNutrition _vFood _931613 |
||
| 700 | _96065 | ||
| 700 | _96330 | ||
| 942 |
_2ddc _cEN _h612.39 _mKUL |
||
| 999 |
_c39313 _d39313 |
||